000 00816cad a22002175a 4500
001 L156797
008 120716e20120217xxk 000 0 eng d
035 _a(Sirsi) u156797
041 0 _aeng
100 1 _aJayasena, Himal Suranga
245 0 0 _aBuilding information modelling for Sri Lankan construction industry
_h[electronic resource]
260 _c2012
520 _aThis working paper discusses integrating BIM into the construction industry in Sri Lanka.
590 _aKA NTK
651 4 _aSri Lanka
651 4 _aInternational
690 _aBIM
_96219
700 1 _aWeddikkara, Chitra
856 4 0 _uhttps://mrt.academia.edu/HimalSurangaJayasena/Papers/1784148/Building_Information_Modelling_for_Sri_Lankan_Construction_Industry
_zView the working paper free of charge at mrt.academia.edu
942 _n0
999 _c84161
_d84161